1495 1571 1287 1738 1389 1650 1383 1731 1813 1748 1477 1186 1879 1893 1913 1834 1968 1965 1710 1642 1585 1649 1983 1663 1430 1993 1511 1805 1030 1310 1047 1351 1549 1270 1018 1356 1204 1572 1385 1982 1645 1722 1152 1546 1223 1126 1000 1285 1794 1808 1468 1416 1169 1859 1223 1370 1815 1023 1618 1149 1427 1111 1754 1977 1953 1359 1948 1092 1764 1671 1792 1855 1132 1573 1448 1592 1999 1302 1101 1299 1062 1475 1434 1126 1519 1184 1839 1917 1917 1723 1210 1240 1019 1961 1822 1174 1919 1894 1217 BCNSPRNW ULIB Ver.6.0+V

เปลี่ยนเป็นภาษาไทย

Change to English
 แสดงรายละเอียดบรรณานุกรม
  กลับหน้าหลัก

Brief Record : Get Marc (ISO 2709) : E-mail record : QR code < ปิดหน้าต่าง
LEADER : 00000nam 2200000uu 4500
001    13399114461
003     ULIB
008    110920s||||||||th 000 0 tha d
020    9786161103828
060 04 ^aWT120^bท645ก
110 1  คณะกรรมาธิการกิจการเด็ก
245 00 การดูแลสุขภาพผู้สูงอายุแบบบูรณาการ /^cจัดทำโดยคณะกรรมาธิการกิจการเด็ก เยาวชน สตรี ผู้สูงอายุและผู้พิการ สภาผู้แทนราษฎร, กรมพัฒนาการแพทย์แผนไทยและการแพทย์ทางเลือก,กรมสนับสนุนบริการสุขภาพ ; บรรณาธิการ นภัส แก้ววิเชียร, เบญจพร สุธรรมชัย
250    พิมพ์ครั้งที่ 5
260    [กรุงเทพฯ] :^bคณะกรรมาธิการกิจการเด็ก เยาวชน สตรีผู้สูงอายุและผู้พิการ สภาผู้แทนราษฎร ร่วมกับ สำนักการแพทย์ทางเลือก กระทรวงสาธารณสุข,^c2554
300    184 หน้า :^bภาพประกอบสี ;^c26 ซม.
536    สนับสนุนโดยสำนักงานกองทุนสนับสนุนการสร้างเสริมสุขภาพ(สสส.)
650  4 ผู้สูงอายุ^xสุขภาพและอนามัย
650  4 ผู้สูงอายุ^xการดูแล
650  4 ผู้สูงอายุ^xโภชนาการ
650  4 การออกกำลังกายสำหรับผู้สูงอายุ
700 0  นภัส แก้ววิเชียร,^eบรรณาธิการ
700 0  เบญจพร สุธรรมชัย,^eบรรณาธิการ
710 2  กรมพัฒนาการแพทย์แผนไทยและการแพทย์ทางเลือก
710 2  กรมสนับสนุนบริการสุขภาพ
710 2  สำนักงานกองทุนสนับสนุนการสร้างเสริมสุขภาพ (สสส.)
945    ^p0^l0^i031584
945    ^p0^l0^i031585
995    ทศพร
999 ^a ใช้งานได้ทุกระบบ
รายการนี้ยังไม่มีแท็ก
คุณยังไม่ได้ล็อกอิน คุณสามารถมีกิจกรรมร่วมกับเว็บไซต์ได้ แต่ต้องล็อกอินก่อน ::
  ล็อกอิน

รายการสื่อสารสนเทศ

ลำดับที่ ประเภท เลขเรียก/บาร์โค้ด สถานที่ สถานะ
- ไม่พบข้อมูล -

รายการใกล้เคียง
    หัวเรื่อง [ผู้สูงอายุ การดูแล]
    หัวเรื่อง [การออกกำลังกายสำหรับผู้สูงอายุ]

BibComment


ยังไม่เคยถูกคอมเมนท์

คอมเมนท์ทรัพยากรรายการนี้
  คอมเมนท์: การดูแลสุขภาพผู้ส..


 Copyright 2026. Bcnsprnw @Library